000
00407nam a2200205Ia 4500
003
IT-RoPAU
008
120407s9999 xx 000 0 und d
040
_a
IT-RoPAU
040
_c
IT-RoPAU
041
_a
ita
100
_a
Enzo Biagi
245
_a
Storia del fascismo
250
_a
Firenze
260
_a
Sadea
260
_c
1964
300
_c
31 cm
490
_v
13
942
_c
BK
999
_c
23315
_d
23315